Лінгвістичні проблеми українізації англомовного програмного забезпечення (Запис № 283941)

МАРК-запис
000 -LEADER
fixed length control field 01843nam a22001577a 4500
041 ## - LANGUAGE CODE
Language code of text/sound track or separate title ukr
080 ## - UNIVERSAL DECIMAL CLASSIFICATION NUMBER
Universal Decimal Classification number 09
090 ## - LOCALLY ASSIGNED LC-TYPE CALL NUMBER (OCLC); LOCAL CALL NUMBER (OCLC)
Local cutter number (OCLC) ; Book number/undivided call number, CALL (RLIN) ЧЕР
100 ## - MAIN ENTRY--PERSONAL NAME
Personal name Черуха І.І.
245 ## - TITLE STATEMENT
Title Лінгвістичні проблеми українізації англомовного програмного забезпечення
260 ## - PUBLICATION, DISTRIBUTION, ETC. (IMPRINT)
Place of publication, distribution, etc Острог
Name of publisher, distributor, etc КАФ
Date of publication, distribution, etc 2007
300 ## - PHYSICAL DESCRIPTION
Extent 48
520 ## - SUMMARY, ETC.
Summary, etc Список скорочень<br/>Вступ<br/>Розділ 1. Українізації англомовної термінології <br/>1.1 Загальні поняття термінології<br/>1.2 Проблеми розвитку української технічної термінології та сучасний стан<br/>1.3 Українізація програмного забезпечення<br/>1.3.1 Відмінності в українізації вільного та комерційного прогамного забехпечення<br/>РОзділ 2. Лінгвістичні проблеми українізації англомовного програмного забезпечення<br/>2.1 Огляд найпоширеніших лінгвістичних проблем українізації програмного забезпечення<br/>2.2 Класифікація наявних лінгвістичних проблем українізації англомовного прогрманого забезпечення<br/>2.2.1 Значний російськомовний вплив на термінологію<br/>2.2.2 Англіцизми<br/>2.2.3 Невідповідність термінів загальним нормам<br/>Висновки<br/>Список використаної літератури<br/>Додатки
-- українізація, лінгвістика
650 ## - SUBJECT ADDED ENTRY--TOPICAL TERM
Topical term or geographic name as entry element Research Papers
942 ## - ADDED ENTRY ELEMENTS (KOHA)
Koha item type Книги
Фонди
Withdrawn status Lost status Source of classification or shelving scheme Damaged status Not for loan Home library Current library Date acquired Source of acquisition Cost, normal purchase price Total Checkouts Full call number Barcode Date last seen Price effective from Koha item type
    Universal Decimal Classification     ВІЛ - Відділ іноземн. літератури НБ ВІЛ - Відділ іноземн. літератури НБ 16/04/2009 Акт №1 1.00   09 213685 15/12/2021 16/04/2009 Книги